[Event "Elitzur Int Online"]
[Site "Chess.com INT"]
[Date "2020.11.01"]
[Round "4"]
[White "Khristovoy, Dmitriy"]
[Black "Korobov, Anton"]
[Result "0-1"]
[WhiteElo "2005"]
[BlackElo "2683"]
[PlyCount "68"]
[EventDate "2020.11.01"]
[EventType "swiss (blitz)"]
[EventRounds "11"]
[EventCountry "ISR"]
[SourceTitle "CBM 199 Extra"]
[Source "ChessBase"]
[SourceDate "2021.01.31"]
[SourceVersion "1"]
[SourceVersionDate "2021.01.31"]
[SourceQuality "1"]

1. e4 c5 2. c3 Nf6 3. e5 Nd5 4. Nf3 d6 5. Bb5+ Bd7 6. Bc4 e6 7. d4 cxd4 8. cxd4 Nb6 9. Bb3 Bc6 10. 0-0 Be7 11. Nc3 0-0 12. Bf4 Bxf3 13. Qxf3 d5 14. Rac1 Nc6 15. Be3 Rc8 16. Qe2 Na5 17. Bc2 Nac4 18. Bd3 Nxe3 19. Qxe3 Nc4 20. Bxc4 Rxc4 21. Ne2 Qa5 22. b3 Rxc1 23. Rxc1 Qxa2 24. Rc7 Bd8 25. Rxb7 Bb6 26. h4 h6 27. Qd3 Qa1+ 28. Kh2 Qe1 29. Qe3 Qd1 30. h5 Qc2 31. Re7 Qf5 32. Ng3 Qg4 33. f4 Qh4+ 34. Kg1 Qxe7 0-1